MyGZULibrary

Finance in a nutshell : (Record no. 7896)

MARC details
000 -LEADER
fixed length control field 01279cam a22003254a 4500
001 - CONTROL NUMBER
control field 13942407
003 - CONTROL NUMBER IDENTIFIER
control field GZU
005 - DATE AND TIME OF LATEST TRANSACTION
control field 20210513100719.0
008 - FIXED-LENGTH DATA ELEMENTS--GENERAL INFORMATION
fixed length control field 050426s2005 enka f 001 0 eng
010 ## - LIBRARY OF CONGRESS CONTROL NUMBER
LC control number 2005040145
015 ## - NATIONAL BIBLIOGRAPHY NUMBER
National bibliography number GBA535661
Source bnb
020 ## - INTERNATIONAL STANDARD BOOK NUMBER
International Standard Book Number 0273675400
035 ## - SYSTEM CONTROL NUMBER
System control number (OCoLC)ocm60311890
040 ## - CATALOGING SOURCE
Original cataloging agency DLC
Transcribing agency DLC
Modifying agency BWKUK
-- BAKER
-- UKM
-- VP@
-- BTCTA
-- YDXCP
-- LMR
-- TBS
-- DLC
042 ## - AUTHENTICATION CODE
Authentication code pcc
050 00 - LIBRARY OF CONGRESS CALL NUMBER
Classification number HG4027.3
Item number .EST 2005
082 00 - DEWEY DECIMAL CLASSIFICATION NUMBER
Classification number 658.15
Edition number 22
100 1# - MAIN ENTRY--PERSONAL NAME
Personal name Estrada, Javier,
Dates associated with a name 1964-
245 10 - TITLE STATEMENT
Title Finance in a nutshell :
Remainder of title a no-nonsense companion to the tools and techniques of finance /
Statement of responsibility, etc. Javier Estrada.
260 ## - PUBLICATION, DISTRIBUTION, ETC.
Place of publication, distribution, etc. London ;
-- New York :
Name of publisher, distributor, etc. Financial Times Prentice Hall,
Date of publication, distribution, etc. 2005.
300 ## - PHYSICAL DESCRIPTION
Extent xiii, 388 p. :
Other physical details ill. ;
Dimensions 25 cm.
490 1# - SERIES STATEMENT
Series statement Corporate finance
500 ## - GENERAL NOTE
General note Includes index.
650 #0 - SUBJECT ADDED ENTRY--TOPICAL TERM
Topical term or geographic name entry element Business enterprises
General subdivision Finance
Form subdivision Handbooks, manuals, etc.
650 #0 - SUBJECT ADDED ENTRY--TOPICAL TERM
Topical term or geographic name entry element Corporations
General subdivision Finance
Form subdivision Handbooks, manuals, etc.
830 #0 - SERIES ADDED ENTRY--UNIFORM TITLE
Uniform title Corporate finance (Financial Times Prentice Hall)
906 ## - LOCAL DATA ELEMENT F, LDF (RLIN)
a 7
b cbc
c orignew
d 1
e ocip
f 20
g y-gencatlg
942 ## - ADDED ENTRY ELEMENTS (KOHA)
Source of classification or shelving scheme Library of Congress Classification
Koha item type Books
Classification part 4027.3
Item part EST
Call number prefix HG
Holdings
Withdrawn status Lost status Damaged status Not for loan Collection code Home library Current library Shelving location Date acquired Total Checkouts Full call number Barcode Date last seen Copy number Price effective from Koha item type
        Non-fiction Mashava Campus Library Mashava Campus Library General Stacks 05/13/2021   HG4027.3EST2005 G23390 05/13/2021 c.1 05/13/2021 Books